Fundamentals of neural networks: architectures, algorithms, and applications

Salvato in:
Dettagli Bibliografici
Autore principale: Fausett, Laurene (Autore)
Natura: Libro
Lingua:inglese
Pubblicazione: Upper Saddle River Prentice-Hall 1994
Edizione:1a. ed
Soggetti:
Tags: Aggiungi Tag
Nessun Tag, puoi essere il primo ad aggiungerne!!

MARC

LEADER 00000cam a2200000 a 4500
001 UCK7741
003 CL-VaPUC
008 051209e19940000us |||||||||||||||||eng|d
020 |a 0133341860 
082 0 4 |a 006.3  |b FAU  |2 21 
100 0 |a Fausett, Laurene  |e author  |9 497325 
245 1 0 |a Fundamentals of neural networks: architectures, algorithms, and applications 
250 |a 1a. ed 
300 |a 461 p 
942 |c BK 
945 |d 20051209 00:00:00  |a cmena 
260 |a Upper Saddle River  |b Prentice-Hall  |c 1994 
650 7 |a REDES NEURALES  |2 CL-VaPUC  |9 327208 
650 7 |a INTELIGENCIA ARTIFICIAL  |2 CL-VaPUC  |9 497326 
650 0 |a Modelos matemáticos   |9 259437 
650 0 |a Algoritmos   |9 260639 
650 0 |a Programación de computadores   |9 259531 
583 |a last modification  |c 20150429 04:56:36  |k Rodrigo Vera 
999 |c 315591  |d 315589 
952 |0 0  |1 0  |4 0  |6 006_300000000000000_FAU_1994  |7 0  |8 A  |9 388972  |a BIBGIM  |b BIBGIM  |d 2019-11-22  |i 4191331  |o 006.3 FAU 1994  |p 4191331  |r 2025-01-15  |w 2019-11-22  |y BK  |k EST